000 00825nas a2200289 4500
001 BR0600071
003 BR-BrBNA
005 20231205105738.0
007 ta
008 230509b bl.|||p| |||| 00| 00por d
040 _aBR-BrBNA
_bpor
_cBiblioteca Nacional de Agricultura
041 _a(En)
072 _aL74; L73
100 1 _aCampos, C. de F.
100 1 _aFerreira, L.S.
100 1 _aSousa, M.G.
100 1 _aGama, F.G.V.
100 1 _aLaus, J.L.Carciofi, A.C.
245 1 _aTransient bilateral diabetic caracts in a Brazilian Terrier puppy
650 _aCÃO
650 _aDIABETE
650 _aCATARATA
650 _aINSULINA
773 0 _tCiência Rural (Brazil)
_xISSN 0103-8478
_g(May-Jun 2005), v. 35(3) p. 709-712
_wBR0600071
909 _a202311
_bLúcia
_c55
_dLúcia Elande
942 _2AGRIS
_n0
_cANA
999 _c184466
_d184466